Elles ont eu l'Oscar de la meilleure actrice - Mort Subite - Statistiques

Statistiques générales
  • Ce quiz a été pris 321 fois
    72 depuis la dernière actualisation
  • Le résultat moyen est 7 sur 39
Answers on the Grid
Answers color-coded by a green-red scale on the quiz's grid according to % correct below.
Amy Adams
Angelina Jolie
Anne Hathaway
Brie Larson
Cate Blanchett
Catherine Deneuve
Catherine Zeta-Jones
Charlize Theron
Charlotte Rampling
Cher
Cynthia Erivo
Jessie Buckley
Dakota Johnson
Demi Moore
Drew Barrymore
Emily Blunt
Emma Stone
Emma Thompson
Florence Pugh
Frances McDormand
Geraldine Page
Gwyneth Paltrow
Halle Berry
Helen Hunt
Helen Mirren
Helena Bonham Carter
Hilary Swank
Holly Hunter
Isabelle Adjani
Isabelle Huppert
Jamie Lee Curtis
Jennifer Connelly
Jennifer Lawrence
Jessica Chastain
Jessica Lange
Jessica Tandy
Jodie Foster
Julia Roberts
Julianne Moore
Juliette Binoche
Kate Winslet
Katharine Hepburn
Kathy Bates
Keira Knightley
Kristen Bell
Kristen Stewart
Kristin Scott Thomas
Lady Gaga
Lily Gladstone
Margot Robbie
Marion Cotillard
Marlee Matlin
Meryl Streep
Michelle Pfeiffer
Michelle Yeoh
Mikey Madison
Nathalie Portman
Nicole Kidman
Olivia Colman
Penélope Cruz
Reese Witherspoon
Renée Zellweger
Rosamund Pike
Sally Field
Salma Hayek
Sandra Bullock
Sandra Hüller
Scarlett Johansson
Sharon Stone
Shirley MacLaine
Sigourney Weaver
Sissy Spacek
Susan Sarandon
Uma Thurman
Viola Davis
Whoopi Goldberg
Winona Ryder
Zendaya
 
Statistiques - réponses
Réponse % Correct
2014 Cate Blanchett
75%
2004 Charlize Theron
53%
2016 Brie Larson
47%
2017, 2024 Emma Stone
31%
1988 Cher
25%
1997, 2018, 2021 Frances McDormand
25%
2000, 2005 Hilary Swank
22%
2013 Jennifer Lawrence
22%
1989, 1992 Jodie Foster
22%
2002 Halle Berry
19%
2022 Jessica Chastain
19%
2015 Julianne Moore
19%
2009 Kate Winslet
19%
1991 Kathy Bates
19%
1983, 2012 Meryl Streep
19%
2007 Helen Mirren
16%
2023 Michelle Yeoh
16%
2011 Nathalie Portman
16%
2019 Olivia Colman
16%
2020 Renée Zellweger
16%
1993 Emma Thompson
13%
1999 Gwyneth Paltrow
13%
1998 Helen Hunt
13%
2008 Marion Cotillard
13%
2025 Mikey Madison
13%
2006 Reese Witherspoon
13%
1994 Holly Hunter
9%
1990 Jessica Tandy
9%
2001 Julia Roberts
9%
2010 Sandra Bullock
9%
1996 Susan Sarandon
9%
1986 Geraldine Page
6%
1995 Jessica Lange
6%
1982 Katharine Hepburn
6%
2003 Nicole Kidman
6%
1980, 1985 Sally Field
6%
1987 Marlee Matlin
3%
1984 Shirley MacLaine
3%
1981 Sissy Spacek
3%
Aucun quiz correspondant
Distribution des résultats
% des personnes avec chaque résultat
Percentile par nombre de réponses
Votre historique - résultats
Vous n’avez pas pris ce quiz depuis la dernière actualisation